000 01725cam a2200457 a 4500
001 data
005 20260322212113.0
008 data
035 _a22769051
906 _a7
_bcbc
_ccopycat
_d3
_encip
_f20
_gy-nonroman
925 0 _aacquire
_b1 shelf copy
_xpolicy default
955 _ecm03 2022-09-14 v. 2 to AMED
010 _a 2022399379
035 _a(OCoLC)28105867
040 _aPUL
_beng
_cPUL
_dDLC
_dOCLCF
_dOCLCO
_dOCLCQ
_dOCLCO
_dDLC
042 _alccopycat
050 0 0 _aHB180.P4
_bM34 1961
066 _c(3
100 1 _6880-01
_aMahdavī, Aṣghar.
880 1 _6100-01/(3/r
_a(3egOhi,(B (3GUZQ(B.
245 1 0 _6880-02
_aʻIlm-i iqtiṣād /
_ctaqrīr-i Aṣghar Mahdavī.
880 1 0 _6245-02/(3/r
_a(3Yde(B (3GbJUGO(B /
_c(3JbQjQ(B (3GUZQ(B (3egOhi(B.
260 _6880-03
_a[Tehran] :
_bNashrīyāt-i Farīd,
_c1340/1341- [1961 or 1962]-
880 _6260-03/(3/r
_a[Tehran] :
_b(3fTQjGJ(B (3aQjO,(B
_c1340/1341- [1961 or 1962]-
300 _avolumes <2> ;
_c25 cm.
336 _atext
_btxt
_2rdacontent
337 _aunmediated
_bn
_2rdamedia
338 _avolume
_bnc
_2rdacarrier
490 0 _6880-04
_aNashrīyāt-i ʻAbbās Farīd ;
_v9
880 0 _6490-04/(3/r
_a(3fTQjGJ(B (3YHGS(B (3aQjO(B (3;(B
_v 9
504 _aIncludes bibliographical references.
505 1 _a--kitāb-i 2. Darʹāmad-i millī va tawzīʻ-i ān
546 _aIn Persian.
650 0 _aEconomics.
650 2 _aEconomics
650 6 _aÉconomie politique.
650 7 _aeconomics.
_2aat
650 7 _aEconomics.
_2fast
_0(OCoLC)fst00902116
923 _d2022
_sgift of Kevin Allan
985 _eBibframePilot3
_d2022-09-06
_fcm03 2022-09-06
999 _c1698
_d1698